[Event "30th Andorra Open"]
[Site "Erts-La Massana AND"]
[Date "2012.07.24"]
[Round "4.4"]
[White "Georgiev, Kiril"]
[Black "Norwood, David R"]
[Result "1/2-1/2"]
[WhiteTitle "GM"]
[BlackTitle "GM"]
[WhiteElo "2680"]
[BlackElo "2494"]
[WhiteFideId "2900017"]
[BlackFideId "400106"]
[EventDate "2012.07.21"]

1. d4 g6 2. c4 Bg7 3. e4 d6 4. Nc3 e5 5. Nf3 exd4 6. Nxd4 Nc6 7. Be3 Nge7 8. h4
f5 9. h5 fxe4 10. hxg6 hxg6 11. Rxh8+ Bxh8 12. Nxe4 d5 13. Nxc6 bxc6 14. Bd4 Bg4
15. Qxg4 Bxd4 16. cxd5 cxd5 17. Nd6+ Qxd6 18. Qxd4 Nf5 19. Qa4+ Kf7 20. O-O-O
Qc5+ 21. Kb1 Rb8 22. Qd7+ Kf6 23. Qxd5 Qxf2 24. b3 Qf4 25. Bc4 Qe5 26. Qf3 Kg5
27. Rd5 Qf4 28. Qe2 c6 29. g3 Qxg3 30. Rd3 Qg4 31. Qd2+ Qf4 32. Qg2+ Qg4 33.
Qxc6 Rh8 34. Rd2 Rh3 35. Kb2 Rg3 36. Ka3 Qf4 37. Qd5 Qc7 38. Ka4 Qe7 39. Re2 Re3
40. Rg2+ Kf6 41. Qc6+ Qd6 42. Qc8 Qe7 43. Qa6+ Qd6 44. Qc8 Qe7 45. Qh8+ Qg7 46.
Qxg7+ Nxg7 47. Ka5 g5 48. Ka6 Re7 49. a4 Nf5 50. Rf2 Ke5 51. Re2+ Kd4 52. Rd2+
Kc3 53. Rd5 Ne3 54. Rxg5 Nxc4 55. bxc4 Kxc4 56. Rb5 Rh7 57. Rb8 Kc5 58. Rb1 Rg7
59. a5 Kc6 60. Rb8 Rh7 61. Rd8 Rg7 62. Rc8+ Rc7 63. Rh8 Rg7 64. Rh6+ Kc5 65. Rh1
Rg6+ 66. Kxa7 Rg7+ 67. Ka6 Rg6+ 68. Ka7 Rg7+ 69. Ka6 Rg6+ 70. Kb7 Rg7+ 71. Kc8
Kb5 72. Rh5+ Ka6 73. Rf5 Rh7 74. Rd5 Rg7 75. Rd7 Rxd7 76. Kxd7 Kxa5 1/2-1/2

[Event "30th Andorra Open"]
[Site "Erts-La Massana AND"]
[Date "2012.07.24"]
[Round "4.7"]
[White "Wegerle, Joerg"]
[Black "Solodovnichenko, Yuri"]
[Result "0-1"]
[WhiteTitle "IM"]
[BlackTitle "GM"]
[WhiteElo "2421"]
[BlackElo "2598"]
[WhiteFideId "4644743"]
[BlackFideId "14104369"]
[EventDate "2012.07.21"]

1. e4 c5 2. Nc3 d6 3. f4 g6 4. Nf3 Bg7 5. Bb5+ Bd7 6. Bc4 Nc6 7. O-O e6 8. d3 a6
9. a3 Nge7 10. Qe1 Nd4 11. Nxd4 cxd4 12. Nd1 O-O 13. Bb3 Bc6 14. Nf2 Qd7 15. Bd2
Ba4 16. Bxa4 Qxa4 17. c4 dxc3 18. Bxc3 Rac8 19. Rc1 Bxc3 20. Rxc3 Qd4 21. Qd2 d5
22. Re1 dxe4 23. Rxe4 Qb6 24. Rb4 Qa7 25. Rxc8 Rxc8 26. Rc4 Rd8 27. g3 b5 28.
Re4 Rc8 29. Kf1 h5 30. Nd1 Qb7 31. Kg1 Nd5 32. Re1 Rd8 33. Ne3 Qb6 34. Qf2 Qd4
35. Nxd5 Qxd5 36. Rd1 Rc8 37. Qe2 Qd4+ 38. Kg2 a5 39. Kh3 b4 40. axb4 axb4 41.
Rd2 b3 42. Qd1 Qd5 43. Rf2 Kh7 44. d4 Rc2 45. Rd2 Qe4 46. Rxc2 Qf5+ 0-1

[Event "30th Andorra Open"]
[Site "Erts-La Massana AND"]
[Date "2012.07.24"]
[Round "4.8"]
[White "Prasca Sosa, Rafael"]
[Black "Kogan, Artur"]
[Result "0-1"]
[WhiteTitle "IM"]
[BlackTitle "GM"]
[WhiteElo "2415"]
[BlackElo "2587"]
[WhiteFideId "3900819"]
[BlackFideId "2800802"]
[EventDate "2012.07.21"]

1. e4 c6 2. d4 d5 3. Nc3 dxe4 4. Nxe4 Bf5 5. Nc5 Nd7 6. Nxd7 Qxd7 7. Nf3 e6 8.
Be2 Bd6 9. O-O Qc7 10. h3 Nf6 11. c4 h6 12. Bd3 O-O-O 13. Bxf5 exf5 14. Qa4 Kb8
15. b4 Ne4 16. c5 Be7 17. b5 cxb5 18. Qxb5 Bf6 19. Bb2 Rd5 20. Rfc1 Rhd8 21. Qb3
Qc6 22. Rc4 g5 23. g4 h5 24. Re1 hxg4 25. hxg4 Rh8 26. gxf5 Nd2 27. Nxd2 Re5 28.
Ne4 Rxe4 29. Qg3+ Be5 0-1

[Event "30th Andorra Open"]
[Site "Erts-La Massana AND"]
[Date "2012.07.24"]
[Round "4.9"]
[White "Ynojosa, Felix Jose"]
[Black "Dgebuadze, Alexandre"]
[Result "0-1"]
[WhiteTitle "FM"]
[BlackTitle "GM"]
[WhiteElo "2374"]
[BlackElo "2563"]
[WhiteFideId "3900258"]
[BlackFideId "203882"]
[EventDate "2012.07.21"]

1. e4 e6 2. d4 d5 3. exd5 exd5 4. Nf3 Nc6 5. c4 Bb4+ 6. Nc3 Nge7 7. Be2 dxc4 8.
O-O O-O 9. Bxc4 Bg4 10. Be2 Bd6 11. Bg5 h6 12. Bxe7 Qxe7 13. d5 Ne5 14. Nxe5
Qxe5 15. g3 Bxe2 16. Qxe2 Qxe2 17. Nxe2 Be5 18. f4 Bxb2 19. Rab1 Ba3 20. Rxb7
Rfe8 21. Nc3 Bc5+ 22. Kg2 Bb6 23. Rd1 Rad8 24. Nb5 Re2+ 25. Kh3 c6 26. Nxa7 Bxa7
27. Rxa7 cxd5 28. Ra4 Rc8 29. Rxd5 Rcc2 30. Ra7 Rxh2+ 31. Kg4 Rc3 32. Rd8+ Kh7
33. Rxf7 Kg6 34. Rf5 Rxa2 35. Rd6+ Kh7 36. Rh5 Raa3 37. Rh3 Re3 38. Rb6 Red3 39.
Rc6 Rd7 40. Rh1 g6 41. Rg1 h5+ 42. Kh4 Rd2 43. Rh1 Rg2 44. Rh3 Kh6 45. Rc4 Rf3
46. Rc5 0-1

[Event "30th Andorra Open"]
[Site "Erts-La Massana AND"]
[Date "2012.07.24"]
[Round "4.10"]
[White "Baches Garcia, Guillermo"]
[Black "Marin, Mihail"]
[Result "0-1"]
[WhiteTitle "IM"]
[BlackTitle "GM"]
[WhiteElo "2389"]
[BlackElo "2548"]
[WhiteFideId "2209764"]
[BlackFideId "1200020"]
[EventDate "2012.07.21"]

1. e4 e6 2. d4 d5 3. exd5 exd5 4. Nf3 Nf6 5. Bd3 c5 6. O-O Nc6 7. dxc5 Bxc5 8.
Nbd2 O-O 9. Nb3 Bb6 10. c3 Bg4 11. Be2 Re8 12. Nbd4 Nxd4 13. Nxd4 Rxe2 14. Nxe2
Qe7 15. Re1 Re8 16. Kf1 Ne4 17. Be3 Bxe3 18. fxe3 Qf6+ 19. Kg1 Qf2+ 20. Kh1 Qxe3
21. Qd4 Nf2+ 22. Kg1 Nd3+ 23. Qxe3 Rxe3 24. Red1 Bxe2 25. Rd2 h5 26. a4 Bg4 27.
a5 a6 28. Kf1 h4 0-1

[Event "30th Andorra Open"]
[Site "Erts-La Massana AND"]
[Date "2012.07.24"]
[Round "4.15"]
[White "Trigo Urquijo, Sergio"]
[Black "Arizmendi Martinez, Julen Luis"]
[Result "0-1"]
[BlackTitle "GM"]
[WhiteElo "2231"]
[BlackElo "2559"]
[WhiteFideId "2262436"]
[BlackFideId "2205092"]
[EventDate "2012.07.21"]

1. d4 Nf6 2. c4 e6 3. g3 d5 4. Nf3 Bb4+ 5. Bd2 Be7 6. Bg2 c6 7. Qc2 Nbd7 8. O-O
b6 9. Nc3 dxc4 10. e4 b5 11. Rfe1 Bb7 12. Rad1 a6 13. Bg5 h6 14. d5 cxd5 15.
Bxf6 Nxf6 16. exd5 exd5 17. Qe2 b4 18. Nh4 bxc3 19. Nf5 O-O 20. Qxe7 c2 21. Qxd8
cxd1=Q 22. Qxf8+ Kxf8 23. Rxd1 Rc8 24. Kf1 Rc5 25. Ke2 Bc8 26. Nd4 Ke7 27. Kd2
Kd6 28. Kc3 Ne8 29. b4 cxb3+ 30. Kxb3 Nc7 31. h3 g6 32. f4 Bd7 33. Ne2 Be6 34.
a4 a5 35. Rd4 Rc4 36. Bf1 Kc5 0-1

[Event "30th Andorra Open"]
[Site "Erts-La Massana AND"]
[Date "2012.07.24"]
[Round "4.16"]
[White "Bas Mas, Jose Joaquin"]
[Black "Del Rio De Angelis, Salvador G."]
[Result "1/2-1/2"]
[BlackTitle "GM"]
[WhiteElo "2214"]
[BlackElo "2547"]
[WhiteFideId "22219064"]
[BlackFideId "2203138"]
[EventDate "2012.07.21"]

1. e4 e6 2. d4 d5 3. Nd2 dxe4 4. Nxe4 Nd7 5. Nf3 Ngf6 6. Nxf6+ Nxf6 7. Bd3 c5 8.
dxc5 Bxc5 9. O-O O-O 10. Qe2 Qc7 11. Bg5 Be7 12. Rfe1 h6 13. Bh4 Rd8 14. Rad1
Bd7 15. Ne5 Be8 16. c3 Rac8 17. Bb1 Rxd1 18. Rxd1 Rd8 19. Rxd8 Qxd8 20. Qd3 1/2-1/2

[Event "30th Andorra Open"]
[Site "Erts-La Massana AND"]
[Date "2012.07.24"]
[Round "4.18"]
[White "Vila Gazquez, Xavier"]
[Black "Garcia, Raul"]
[Result "1-0"]
[WhiteTitle "GM"]
[BlackTitle "FM"]
[WhiteElo "2454"]
[BlackElo "2193"]
[WhiteFideId "2261090"]
[BlackFideId "6900020"]
[EventDate "2012.07.21"]

1. e4 d5 2. exd5 Qxd5 3. Nc3 Qa5 4. d4 Nf6 5. Nf3 Bf5 6. Bc4 e6 7. Bd2 c6 8. Nd5
Qd8 9. Nxf6+ gxf6 10. c3 Nd7 11. O-O Qc7 12. Nh4 Bg6 13. Qf3 Bd6 14. g3 O-O-O
15. b4 f5 16. a4 Nf6 17. Bg5 Be7 18. b5 Nd5 19. Bxe7 Nxe7 20. a5 cxb5 21. Bxb5
a6 22. Be2 f4 23. Ra2 Rd5 24. Ng2 fxg3 25. fxg3 Rf5 26. Nf4 Bh5 27. Qe4 Bxe2 28.
Nxe2 Rxf1+ 29. Kxf1 Qc6 30. Qxc6+ Nxc6 31. Nc1 Rd8 32. Rf2 f5 33. Nb3 Re8 34.
Ke2 Kc7 35. Kd3 Kd6 36. Rf4 Re7 37. Rh4 Kd7 38. Rh6 Ke8 39. Rf6 Nd8 40. Kc4 Rf7
41. Rxf7 Nxf7 42. Kc5 Kd8 43. Kb6 Kc8 44. Nc5 Nd8 45. h3 h6 46. h4 Kb8 47. Nd7+
Kc8 48. Ne5 Kb8 49. c4 Kc8 50. d5 exd5 51. cxd5 Kb8 52. d6 Kc8 53. d7+ Kb8 54.
h5 1-0

[Event "30th Andorra Open"]
[Site "Erts-La Massana AND"]
[Date "2012.07.24"]
[Round "4.19"]
[White "Priya P."]
[Black "Alexandrova, Olga"]
[Result "0-1"]
[WhiteTitle "WIM"]
[BlackTitle "IM"]
[WhiteElo "2184"]
[BlackElo "2417"]
[WhiteFideId "5013550"]
[BlackFideId "14102463"]
[EventDate "2012.07.21"]

1. e4 c5 2. Bc4 e6 3. Qe2 Nc6 4. c3 Nge7 5. Nf3 d5 6. exd5 Nxd5 7. O-O Be7 8.
Bb5 Bd7 9. d4 cxd4 10. Bxc6 Bxc6 11. Nxd4 Bd7 12. Rd1 O-O 13. Nd2 a6 14. Ne4 Qc7
15. Ng5 Nf4 16. Qg4 e5 17. Nf5 Bxf5 18. Qxf5 g6 19. Qg4 h5 20. Qh4 Rad8 21. Be3
Rxd1+ 22. Rxd1 Rd8 23. Re1 Rd5 24. g3 Bxg5 0-1

[Event "30th Andorra Open"]
[Site "Erts-La Massana AND"]
[Date "2012.07.24"]
[Round "4.20"]
[White "Berkovich, Mark A"]
[Black "Castro, John"]
[Result "1/2-1/2"]
[WhiteTitle "IM"]
[WhiteElo "2366"]
[BlackElo "2183"]
[WhiteFideId "2801639"]
[BlackFideId "650749"]
[EventDate "2012.07.21"]

1. Nf3 Nf6 2. g3 g6 3. Bg2 Bg7 4. O-O O-O 5. d4 d6 6. b3 Nc6 7. Bb2 Bf5 8. Nbd2
Re8 9. d5 Nb4 10. c4 c5 11. a3 Na6 12. Nh4 Bd7 13. Qc2 Rb8 14. h3 b5 15. e4 bxc4
16. Nxc4 Nc7 17. e5 dxe5 18. Nxe5 Ncxd5 19. Qxc5 e6 20. b4 a5 21. Rad1 1/2-1/2

[Event "30th Andorra Open"]
[Site "Erts-La Massana AND"]
[Date "2012.07.25"]
[Round "5.5"]
[White "Kogan, Artur"]
[Black "Burg, Twan"]
[Result "1-0"]
[WhiteTitle "GM"]
[BlackTitle "IM"]
[WhiteElo "2587"]
[BlackElo "2470"]
[WhiteFideId "2800802"]
[BlackFideId "1010697"]
[EventDate "2012.07.21"]

1. e4 c5 2. Nf3 d6 3. c3 Nf6 4. Be2 Nbd7 5. d3 g6 6. Nbd2 Bg7 7. d4 Qc7 8. O-O
O-O 9. Re1 b6 10. Bd3 e6 11. Nf1 Bb7 12. Ng3 a6 13. a4 c4 14. Bf1 e5 15. b3 d5
16. bxc4 Nxe4 17. Nxe4 dxe4 18. Ng5 exd4 19. cxd4 Rad8 20. Rb1 h6 21. Nh3 Ne5
22. Be3 Nxc4 23. Qc2 Rc8 24. Rec1 b5 25. axb5 axb5 26. Rxb5 Ba6 27. Rc5 Nxe3 28.
fxe3 Qd6 29. Bxa6 Rxc5 30. dxc5 Qxa6 31. Qxe4 Qa3 32. Rc2 g5 33. g3 f5 34. Qe6+
Kh8 35. c6 Qa1+ 36. Kg2 Qe5 37. Qxe5 Bxe5 38. Ng1 Kg7 39. Nf3 Bd6 40. c7 Rc8 41.
Rc6 Bf8 42. Nd4 Kf7 43. Nxf5 h5 44. Kf3 Ke8 45. Ke4 Kd7 46. Kd5 Bb4 47. Rg6 Bc3
48. Rxg5 Rxc7 49. Rxh5 Ke8 50. Nd6+ Kf8 51. Rf5+ Kg8 52. e4 1-0

[Event "30th Andorra Open"]
[Site "Erts-La Massana AND"]
[Date "2012.07.25"]
[Round "5.6"]
[White "Dgebuadze, Alexandre"]
[Black "Ibanez Aullana, Ramon"]
[Result "1-0"]
[WhiteTitle "GM"]
[WhiteElo "2563"]
[BlackElo "2288"]
[WhiteFideId "203882"]
[BlackFideId "2207532"]
[EventDate "2012.07.21"]

1. c4 e5 2. e3 Nf6 3. Nc3 Nc6 4. a3 d5 5. cxd5 Nxd5 6. Qc2 Nxc3 7. dxc3 a5 8.
Nf3 Bd6 9. Bd3 h6 10. Bd2 O-O 11. c4 Qe7 12. Be4 f5 13. Bd5+ Kh8 14. Bc3 e4 15.
Bxc6 bxc6 16. Nd4 Ra6 17. g3 Be5 18. Ne2 Rd8 19. Bxe5 Qxe5 20. Rd1 Rxd1+ 21.
Kxd1 Rb6 22. Kc1 Ba6 23. Nd4 Qc5 24. Kd2 Qxc4 25. Qxc4 Bxc4 26. Rc1 Bd5 27. b3
Bxb3 28. Rxc6 Ba4 29. Rxb6 cxb6 30. Nxf5 Bc6 31. Kc3 g6 32. Ne7 Be8 33. Kd4 Kg7
34. Nc8 b5 35. Nd6 Bd7 36. Nxe4 Kf7 37. Kc5 Ke6 38. Nc3 Ke5 39. Nxb5 Ke4 40. Nd4
Kd3 41. Nc6 Ke2 42. Kd6 Be8 43. Nxa5 Kxf2 44. Nc6 Kxe3 45. a4 Bf7 46. Kc5 Be6
47. a5 Bc8 48. Kb6 1-0

[Event "30th Andorra Open"]
[Site "Erts-La Massana AND"]
[Date "2012.07.25"]
[Round "5.7"]
[White "Jerez Perez, Alfonso"]
[Black "Georgiev, Kiril"]
[Result "0-1"]
[WhiteTitle "IM"]
[BlackTitle "GM"]
[WhiteElo "2407"]
[BlackElo "2680"]
[WhiteFideId "2204100"]
[BlackFideId "2900017"]
[EventDate "2012.07.21"]

1. e4 c5 2. c3 d5 3. exd5 Qxd5 4. d4 g6 5. dxc5 Qxc5 6. Be3 Qa5 7. Bc4 Nc6 8.
Nf3 Bg7 9. Qb3 e6 10. Nbd2 Nf6 11. Nd4 O-O 12. Nxc6 bxc6 13. Nf3 Ng4 14. O-O
Nxe3 15. fxe3 Qc5 16. Rae1 a5 17. Qa4 Bh6 18. Nd4 Bd7 19. Kh1 Ra7 20. e4 Bg7 21.
Rd1 Rb8 22. Rd2 Be8 23. Nf3 Qe7 24. Rfd1 c5 25. Qc2 a4 26. Rd6 Rab7 27. b3 axb3
28. axb3 Rb6 29. R6d3 Bc6 30. Qe2 Ra8 31. Qe3 Rbb8 32. h3 Rd8 33. Rxd8+ Rxd8 34.
Rxd8+ Qxd8 35. Nd2 Qa5 36. Nb1 h5 37. Qe1 Qa2 38. Bd3 Qxb3 39. Qc1 Ba4 40. h4
Be5 41. Qe1 Qb2 0-1

[Event "30th Andorra Open"]
[Site "Erts-La Massana AND"]
[Date "2012.07.25"]
[Round "5.9"]
[White "Peralta, Fernando"]
[Black "Getz, Nicolai"]
[Result "1-0"]
[WhiteTitle "GM"]
[BlackTitle "IM"]
[WhiteElo "2602"]
[BlackElo "2354"]
[WhiteFideId "105309"]
[BlackFideId "1505572"]
[EventDate "2012.07.21"]

1. d4 Nf6 2. c4 e6 3. Nc3 Bb4 4. e3 O-O 5. Bd3 c5 6. Ne2 d5 7. cxd5 cxd4 8. exd4
Nxd5 9. O-O Nc6 10. Bc2 Be7 11. a3 Re8 12. Qd3 g6 13. Bb3 Nxc3 14. bxc3 Na5 15.
Ba2 b6 16. Rd1 Bb7 17. Bb2 Rc8 18. Rac1 Qc7 19. c4 Bf6 20. Ng3 Bg7 21. Qe3 Red8
22. a4 Qd7 23. Qa3 Bf8 24. Qc3 Bg7 25. Qa3 Bf8 26. c5 Bd5 27. Bb1 Nc4 28. Rxc4
Bxc4 29. d5 Bxd5 30. Nh5 Bg7 31. Nxg7 Rxc5 32. Nh5 gxh5 33. Qg3+ Kf8 34. Bf6
Qxa4 35. Qg7+ 1-0

[Event "30th Andorra Open"]
[Site "Erts-La Massana AND"]
[Date "2012.07.25"]
[Round "5.11"]
[White "Torres, Juan Camilo"]
[Black "Szabo, Krisztian1"]
[Result "1/2-1/2"]
[BlackTitle "GM"]
[WhiteElo "2306"]
[BlackElo "2548"]
[WhiteFideId "4405790"]
[BlackFideId "722901"]
[EventDate "2012.07.21"]

1. d4 Nf6 2. c4 g6 3. Nf3 Bg7 4. Nc3 d6 5. g3 O-O 6. Bg2 Nc6 7. O-O a6 8. b3 Rb8
9. Nd5 Nh5 10. Bb2 e6 11. Ne3 f5 12. Qd2 Ne7 13. Rac1 f4 14. Nd1 b5 15. Bc3 Bd7
16. Nb2 h6 17. Ba5 Nc6 18. Nd3 g5 19. c5 Nxa5 20. Qxa5 g4 21. Nd2 fxg3 22. hxg3
Nxg3 23. Rfe1 Nf5 24. cxd6 cxd6 25. Qxd8 Rbxd8 26. e3 Nh4 27. Bb7 Nf3+ 28. Nxf3
gxf3 29. Kh1 Rf5 30. Be4 Rh5+ 31. Kg1 Rg5+ 32. Kf1 Rf8 33. Rc7 Rf7 34. Bxf3 Be8
35. Rxf7 Bxf7 1/2-1/2

[Event "30th Andorra Open"]
[Site "Erts-La Massana AND"]
[Date "2012.07.25"]
[Round "5.12"]
[White "Hernandez Sanchez, Jairo Andres"]
[Black "Narciso Dublan, Marc"]
[Result "0-1"]
[WhiteTitle "FM"]
[BlackTitle "GM"]
[WhiteElo "2288"]
[BlackElo "2539"]
[WhiteFideId "4404017"]
[BlackFideId "2201500"]
[EventDate "2012.07.21"]

1. e4 e5 2. Nf3 Nc6 3. Bb5 a6 4. Ba4 Nf6 5. Qe2 b5 6. Bb3 Be7 7. O-O O-O 8. c3
d5 9. d3 Bb7 10. Nbd2 Re8 11. Re1 Bf8 12. Nf1 h6 13. Ng3 Na5 14. Bc2 c5 15. Bd2
dxe4 16. dxe4 Nc4 17. Bc1 Qc7 18. h3 g6 19. Nh2 h5 20. Nf3 Bg7 21. a4 Bc6 22. b3
Nb6 23. Be3 Nbd7 24. Red1 Nh7 25. Nf1 Nhf8 26. g3 Qb7 27. Bc1 Ne6 28. Ng5 Ndf8
29. f3 b4 30. Nxe6 Nxe6 31. cxb4 Nd4 32. Qf2 Qxb4 33. Ba3 Qc3 34. Rac1 Qxf3 35.
Qxf3 Nxf3+ 36. Kf2 Ng5 37. Nd2 Nxh3+ 38. Kg2 Ng5 39. Bxc5 Rad8 40. Be3 Ne6 41.
Kf2 Bf8 42. Nc4 f6 43. Nb6 Ba3 44. Rb1 Bc5 45. b4 Rxd1 46. Bxd1 Bxe4 47. bxc5
Bxb1 48. Nd5 Kg7 49. Be2 Be4 50. Nb4 a5 0-1

[Event "30th Andorra Open"]
[Site "Erts-La Massana AND"]
[Date "2012.07.25"]
[Round "5.15"]
[White "Castro, Jose Luis"]
[Black "Vila Gazquez, Xavier"]
[Result "1/2-1/2"]
[BlackTitle "GM"]
[WhiteElo "2252"]
[BlackElo "2454"]
[WhiteFideId "3901831"]
[BlackFideId "2261090"]
[EventDate "2012.07.21"]

1. e4 c5 2. Nf3 Nc6 3. d4 cxd4 4. Nxd4 Qc7 5. Nc3 e6 6. Be3 a6 7. Qd2 Nf6 8. f3
Bb4 9. a3 Be7 10. Nxc6 dxc6 11. Na4 Nd7 12. c4 b5 13. Nc3 O-O 14. Be2 Rd8 15.
Qc2 b4 16. axb4 Bxb4 17. O-O Bd6 18. f4 e5 19. f5 Bc5 20. Bxc5 Nxc5 21. f6 Rb8
22. fxg7 Qb6 23. Rad1 Be6 24. Kh1 Nb3 25. Na4 Qb4 26. Nc3 Nd4 27. Qd3 Qxb2 28.
Rd2 Qa3 29. Bd1 Rb2 30. Rxb2 Qxb2 31. c5 Qb4 32. Qg3 Qxc5 33. Bh5 Qc4 34. Qf2
Rd7 35. Nd1 Nc2 36. Be2 Qxe4 37. Bxa6 Nd4 38. Bc8 Rc7 39. Bxe6 Nxe6 40. Ne3 Nxg7
41. Qg3 Rb7 42. Ng4 Rb1 43. Nh6+ Kf8 44. Qa3+ Ke8 45. Qa8+ Ke7 46. Qa3+ Ke8 47.
Qa8+ Kd7 48. Qa7+ 1/2-1/2

[Event "30th Andorra Open"]
[Site "Erts-La Massana AND"]
[Date "2012.07.25"]
[Round "5.16"]
[White "Alexandrova, Olga"]
[Black "Garcia Trobat, Francisco"]
[Result "1/2-1/2"]
[WhiteTitle "IM"]
[BlackTitle "FM"]
[WhiteElo "2417"]
[BlackElo "2257"]
[WhiteFideId "14102463"]
[BlackFideId "2200678"]
[EventDate "2012.07.21"]

1. d4 Nf6 2. Nf3 e6 3. e3 b6 4. Bd3 Bb7 5. O-O c5 6. c4 Be7 7. Nc3 cxd4 8. exd4
d5 9. cxd5 Nxd5 10. Ne5 O-O 11. Qh5 g6 12. Qh3 Nxc3 13. bxc3 Bf6 14. Ng4 Nd7 15.
Nxf6+ Qxf6 16. Bb5 Rfd8 17. Qg3 Qf5 18. a4 Nf6 19. f3 Rac8 20. Bd2 a6 21. Be2 e5
22. Qg5 exd4 23. Qxf5 gxf5 24. Bg5 Kg7 25. cxd4 Rxd4 26. Be3 Rd6 27. Bf4 Re6 28.
Bd3 Nd5 29. Bc1 Kg6 30. g4 Ne7 31. Kf2 Rd6 32. gxf5+ Kh5 33. Ra3 Rc5 34. Be3
Rxf5 35. Bxf5 Nxf5 36. Rb3 Rc6 37. Rc1 Nxe3 38. Rxc6 Nd1+ 39. Ke1 Bxc6 40. Rxb6
Bxa4 41. Rxa6 Nb2 42. Rb6 Nd3+ 43. Kd2 Ne5 44. Ke2 Bd7 45. Kf2 f5 46. Kg3 Nd3
47. f4 Nc5 48. Kh3 Ne4 49. Rb7 Nf6 50. Rb6 Nd5 51. Rd6 Nxf4+ 52. Kg3 Ne2+ 53.
Kf2 Bb5 54. Rd5 Nc3 1/2-1/2

[Event "30th Andorra Open"]
[Site "Erts-La Massana AND"]
[Date "2012.07.25"]
[Round "5.19"]
[White "Del Rio De Angelis, Salvador G."]
[Black "Ballester Llagaria, Luis Eduardo"]
[Result "1-0"]
[WhiteTitle "GM"]
[WhiteElo "2547"]
[BlackElo "2210"]
[WhiteFideId "2203138"]
[BlackFideId "2297620"]
[EventDate "2012.07.21"]

1. d4 d5 2. c4 dxc4 3. e3 Nf6 4. Bxc4 e6 5. Nf3 a6 6. O-O b5 7. Be2 Bb7 8. a4 b4
9. Nbd2 c5 10. Nb3 Nbd7 11. dxc5 Nxc5 12. Qxd8+ Rxd8 13. Na5 Be4 14. Nd4 Bd3 15.
Bxd3 Nxd3 16. Rd1 Ne5 17. Bd2 Rc8 18. Kf1 Be7 19. Ke2 O-O 20. Rdc1 Nd5 21. e4
Nb6 22. b3 Rfe8 23. Rxc8 Rxc8 24. Rc1 Rxc1 25. Bxc1 Kf8 26. Ndc6 Nxc6 27. Nxc6
Nd7 28. Be3 Bd6 29. h3 Ke8 30. f3 f5 31. exf5 exf5 32. Kd3 Nf6 33. Bd2 Nd5 34.
Kd4 Nf4 35. Bxf4 Bxf4 36. Nxb4 a5 37. Nc6 1-0

[Event "30th Andorra Open"]
[Site "Erts-La Massana AND"]
[Date "2012.07.26"]
[Round "6.3"]
[White "Marin, Mihail"]
[Black "Solodovnichenko, Yuri"]
[Result "1/2-1/2"]
[WhiteTitle "GM"]
[BlackTitle "GM"]
[WhiteElo "2548"]
[BlackElo "2598"]
[WhiteFideId "1200020"]
[BlackFideId "14104369"]
[EventDate "2012.07.21"]

1. d4 Nf6 2. Nf3 c5 3. e3 d5 4. Nbd2 cxd4 5. exd4 Nc6 6. Bb5 Bf5 7. O-O e6 8. c4
Be7 9. Ne5 Rc8 10. Qa4 Qc7 11. Qxa7 Nd7 12. Bxc6 bxc6 13. Qxc7 Rxc7 14. Nxd7
Kxd7 15. c5 Rb7 16. b3 Ra8 17. Bb2 g5 18. a3 g4 19. b4 Bg5 20. f4 Bh4 21. g3 Be7
22. h4 h5 23. Rf2 Bf8 24. Nf1 Be4 25. Nd2 Bf5 26. Nf1 Be4 27. Nd2 1/2-1/2

[Event "30th Andorra Open"]
[Site "Erts-La Massana AND"]
[Date "2012.07.26"]
[Round "6.4"]
[White "Georgiev, Kiril"]
[Black "Peralta, Fernando"]
[Result "1-0"]
[WhiteTitle "GM"]
[BlackTitle "GM"]
[WhiteElo "2680"]
[BlackElo "2602"]
[WhiteFideId "2900017"]
[BlackFideId "105309"]
[EventDate "2012.07.21"]

1. d4 d5 2. c4 e6 3. Nf3 Nf6 4. e3 c5 5. cxd5 exd5 6. Bb5+ Nbd7 7. dxc5 Bxc5 8.
O-O a6 9. Be2 b5 10. Bd2 O-O 11. Bc3 Bb7 12. Nbd2 Bd6 13. Bd4 Re8 14. a4 b4 15.
a5 Ne4 16. Ne1 Ndc5 17. Ndf3 Ne6 18. Nd3 Rc8 19. Be5 Bxe5 20. Ndxe5 Qd6 21. Qb3
d4 22. exd4 Bd5 23. Qe3 Nf6 24. Bd3 Rcd8 25. Rfe1 Bb7 26. Bc4 Nd5 27. Qe4 f6 28.
Nd3 Ba8 29. Qg4 Kh8 30. Qg3 Qxg3 31. hxg3 Ndc7 32. Nxb4 Nxd4 33. Rxe8+ Nxe8 34.
Nxd4 Rxd4 35. b3 Nd6 36. Nxa6 Nxc4 37. bxc4 Rxc4 38. Rb1 Rc8 39. Nc7 Be4 40. Rb4
Bc6 41. Rb6 Be4 42. Re6 Bg6 43. Re7 Kg8 44. a6 Kf8 45. Nd5 Bf7 46. Rc7 Ra8 47.
Nb4 g5 48. a7 Kg7 49. Nd5 1-0

[Event "30th Andorra Open"]
[Site "Erts-La Massana AND"]
[Date "2012.07.26"]
[Round "6.6"]
[White "Arizmendi Martinez, Julen Luis"]
[Black "Demuth, Adrien"]
[Result "1-0"]
[WhiteTitle "GM"]
[BlackTitle "IM"]
[WhiteElo "2559"]
[BlackElo "2460"]
[WhiteFideId "2205092"]
[BlackFideId "642274"]
[EventDate "2012.07.21"]

1. e4 e5 2. Nf3 Nc6 3. Bb5 a6 4. Bxc6 dxc6 5. O-O Be6 6. Re1 Qd6 7. d4 O-O-O 8.
c3 f6 9. Be3 g5 10. Qa4 g4 11. dxe5 fxe5 12. Ng5 h6 13. Nxe6 Qxe6 14. Nd2 Nf6
15. Qc4 Qxc4 16. Nxc4 Bd6 17. f3 gxf3 18. gxf3 Kd7 19. Kf2 Rdf8 20. Ke2 c5 21.
Rg1 Rfg8 22. Rxg8 Rxg8 23. Rg1 Rxg1 24. Bxg1 Ke6 25. Be3 Bf8 26. b3 b6 27. Bf2
Nh5 28. Bg3 Nf4+ 29. Kd2 Ng6 30. Ne3 h5 31. Nf5 Ne7 32. Nxe7 Bxe7 33. f4 exf4
34. Bxf4 Bd8 35. c4 Kd7 36. Ke3 Ke6 37. Kf3 c6 38. Bb8 b5 39. Kf4 Be7 40. e5
bxc4 41. bxc4 Bh4 42. Bd6 Bf2 43. h3 h4 44. Ke4 Bd4 45. Bc7 Bf2 46. Bd8 Be1 47.
Bf6 Bg3 48. a4 Be1 49. Kf4 Bg3+ 50. Kg4 Bxe5 51. Bxh4 Bd4 52. Kf4 Be5+ 53. Ke4
Bd6 54. Bg5 Bf8 55. h4 Bg7 56. h5 Bh8 57. Be3 Kf6 58. Bxc5 Kg5 59. Bd4 1-0